00514nam a22001817a 4500003000500000005001700005008004100022010000900063011000900072035000900081040000900090110003700099245007700136260005800213300001000271650003900281650001200320CHAP20220329133538.0971013s1992 r 00010 d a7672 a8644 a7873 cCHAP aE.U.A. Department of Agriculture aEvaluation of new canal point sugarcane clonesb: 1991-92 harvest season aWashington, D. C. :bDepartment of Agriculture,c1992 a24 p.14aCaña de azúcarxPropagación.14aClones.